000 00660nam a22001937a 4500
008 160303b xxu||||| |||| 00| 0 eng d
020 _a978-0-07-337652-3
082 _22010
_aDC 613.707
_bR582
100 _93387
_aRink, Judith E.
245 _aTeaching physical education for learning/
_cJudith E. Rink.
250 _aSixth Edition
260 _aBoston:
_bMcGraw-Hill,
_c©2010.
300 _axvi, 368 pages:
_billustrations;
_c24 cm.
500 _aIncludes index.
650 0 _93388
_aPhysical education and training
_xStudy and teaching
650 0 _93389
_aPhysical education for children
_xStudy and teaching
365 _b9,872.00
_cPhp
942 _2ddc
_cDC
999 _c1190
_d1190